Các quy định pháp luật về bảo đảm an toàn tiêu dùng của các sản phẩm trồng trọt và chăn nuôi
שמור ב:
| מחבר ראשי: | |
|---|---|
| פורמט: | ספר |
| שפה: | Undetermined |
| יצא לאור: |
H.
LĐXH
2002
|
| נושאים: | |
| תגים: |
הוספת תג
אין תגיות, היה/י הראשונ/ה לתייג את הרשומה!
|
| Thư viện lưu trữ: | Trung tâm Học liệu Trường Đại học Cần Thơ |
|---|
| LEADER | 00702nam a2200169Ia 4500 | ||
|---|---|---|---|
| 001 | CTU_50584 | ||
| 008 | 210402s9999 xx 000 0 und d | ||
| 082 | |a 344.597042 | ||
| 082 | |b C101 | ||
| 100 | |a Các quy định pháp luật về bảo đảm an toàn tiêu dùng của các sản phẩm trồng trọt và chăn nuôi | ||
| 245 | 0 | |a Các quy định pháp luật về bảo đảm an toàn tiêu dùng của các sản phẩm trồng trọt và chăn nuôi | |
| 260 | |a H. | ||
| 260 | |b LĐXH | ||
| 260 | |c 2002 | ||
| 650 | |a product safety,product safety,agriculture | ||
| 650 | |x law and legislation | ||
| 980 | |a Trung tâm Học liệu Trường Đại học Cần Thơ | ||